| 000 | 01422 a2200241 4500 | ||
|---|---|---|---|
| 020 | _a007111260X | ||
| 020 | _a9780071112604 | ||
| 082 | 0 | 4 | _a150 |
| 090 |
_c690 _d690 |
||
| 100 | 1 | _aCohen, Ronald Jay. | |
| 245 | 1 | 0 |
_aPsychological testing and assessment / _cRonald Jay Cohen. |
| 250 | _a6th ed. | ||
| 260 |
_a[S.l.] : _bMcGraw-Hill Education (ISE Editions), _c2004. |
||
| 300 |
_a1 v. (unpaged) ; _c25 cm. |
||
| 500 | _aPaperback. | ||
| 520 | _aThis is a thoroughly updated revision of the most highly acclaimed and successful undergraduate measurement text in testing over the last fifteen years. "Psychological Testing and Assessment" examines the philosophical, historical, and methodological foundations of psychological testing, assessment, and measurement, while helping students appreciate their benefits and pitfalls in practice. The text's time-tested and trusted approach incorporates up-to-date research, insightful culture-related perspectives, engaging examples and illustrations, critical thinking questions, even humor to involve students and maintain interest. | ||
| 650 | 4 | _aPsychology. | |
| 650 | 4 | _aPsychological testing & measurement. | |
| 700 | 1 | _aSwerdlik, Mark. | |
| 856 | 4 | 0 |
_3Amazon.com _uhttp://www.amazon.com/exec/obidos/ASIN/007111260X/chopaconline-20 |
| 856 | 4 | 0 |
_3Amazon customer reviews _uhttp://www.chopac.org/cgi-bin/tools/azrev.pl?q=007111260X |
| 942 |
_aNBS _cBK _k150.287 COH |
||
| 999 |
_c343243 _d343243 |
||